000 00398nam a2200145 i 4500
001 98645
003 ES-MaACL
007 t|
008 051017s1862 fr ||||1| fre d
100 1 _aEgger, Emile.
_946721
245 1 0 _aMemoires de litterature ancienne /
_cpar Emile Egger.
260 _aParis :
_bDurand,
_c1862 (
_fHennuyer)
300 _aXXIII, 520 p. ;
_c23 cm.
852 _aES-MaACL
_jG-11065
999 _c98645
_d98645